En las márgenes del fuego / (Record no. 193072)

MARC details
000 -LEADER
campo de control de longitud fija 01581nam a2200421 i 4500
001 - NÚMERO DE CONTROL
campo de control 193072
003 - IDENTIFICADOR DE NÚMERO DE CONTROL
campo de control SpMaBN
005 - FECHA Y HORA DE LA ÚLTIMA TRANSACCIÓN
campo de control 20240707063036.0
007 - CAMPO FIJO DE DESCRIPCIÓN FÍSICA--INFORMACIÓN GENERAL
campo de control de longitud fija ta
008 - DATOS DE LONGITUD FIJA--INFORMACIÓN GENERAL
campo de control de longitud fija 230727s2002 sp | o||| ||spa
016 7# - NÚMERO DE CONTROL DE UNA AGENCIA BIBLIOGRÁFICA NACIONAL
Número de control del registro bimoBNE20020594581
Fuente SpMaBN
017 ## - NÚMERO DE COPYRIGHT O DE DEPÓSITO LEGAL
Número de copyright o de depósito legal BA 258-2002
Agencia que asigna Oficina Depósito Legal Badajoz
020 ## - NÚMERO INTERNACIONAL ESTÁNDAR DEL LIBRO
Número Internacional Estándar del Libro 8493147826
035 ## - NÚMERO DE CONTROL DEL SISTEMA
Número de control de sistema (OCoLC)433220529
035 ## - NÚMERO DE CONTROL DEL SISTEMA
Número de control de sistema bimo0001801495
040 ## - FUENTE DE CATALOGACIÓN
Centro catalogador/agencia de origen SpMaBN
Lengua de catalogación spa
Centro/agencia transcriptor SpMaBN
Normas de descripción rdc
Centro/agencia modificador ES-MaACL
080 ## - NÚMERO DE LA CLASIFICACIÓN DECIMAL UNIVERSAL
Número de la Clasificación Decimal Universal 821.134.2-1"19"(082.2)
245 00 - MENCIÓN DEL TÍTULO
Título En las márgenes del fuego /
Mención de responsabilidad, etc. Juan Ricardo Montaña García (coordinador) ; Alcandoria y Vberitas
250 ## - MENCION DE EDICION
Mención de edición 1ª ed.
260 ## - PUBLICACIÓN, DISTRIBUCIÓN, ETC.
Lugar de publicación, distribución, etc. [Don Benito] :
Nombre del editor, distribuidor, etc. Ayuntamiento de Don Benito, Concejalía de Educación y Cultura,
Fecha de publicación, distribución, etc. 2002
300 ## - DESCRIPCIÓN FÍSICA
Extensión 210 p. ;
Dimensiones 22 cm
336 ## - TIPO DE CONTENIDO
Fuente rdacontent
Término de tipo de contenido Texto
337 ## - TIPO DE MEDIO
Fuente rdamedia
Nombre/término del tipo de medio sin mediación
338 ## - TIPO DE SOPORTE
Fuente rdacarrier
Nombre/término del tipo de soporte volumen
490 1# - MENCIÓN DE SERIE
Mención de serie Fondo editorial ;
Designación de volumen o secuencia 9
500 ## - NOTA GENERAL
Nota general Catalogación provisional. Signatura: N 8563. Depósito J.
650 #4 - PUNTO DE ACCESO ADICIONAL DE MATERIA--TÉRMINO DE MATERIA
Término de materia o nombre geográfico como elemento de entrada Poesías españolas-
Subdivisión cronológica S.XX
Fuente del encabezamiento o término embne
9 (RLIN) 16221
700 1# - ENTRADA AGREGADA--NOMBRE PERSONAL
Nombre de persona Montaña García, Juan Ricardo,
Fechas asociadas al nombre 1949-
9 (RLIN) 233906
710 2# - ENTRADA AGREGADA--NOMBRE DE ENTIDAD CORPORATIVA
Nombre de entidad corporativa o nombre de jurisdicción como elemento de entrada Colectivo Alcandoria
9 (RLIN) 233907
710 2# - ENTRADA AGREGADA--NOMBRE DE ENTIDAD CORPORATIVA
Nombre de entidad corporativa o nombre de jurisdicción como elemento de entrada Colectivo Vbéritas
9 (RLIN) 176506
830 ## - PUNTO DE ACCESO ADICIONAL DE SERIE-TÍTULO UNIFORME
Título uniforme Fondo editorial (Don Benito. Ayuntamiento)
Designación de volumen o secuencia 9
9 (RLIN) 176432
852 ## - LOCALIZACIÓN
Ubicación ES-MaACL
itemnumber 200377
Sublocalización o colección R.152522
Número de control de estantería N-8563
Ubicación en estantería Depósito J
Donativo/Legado Donación: Editorial
Nota libre En proceso
942 ## - ELEMENTOS DE ENTRADA SECUNDARIOS (KOHA)
Suprimir en OPAC No
Tipo de ítem Koha Libro impreso
Holdings
Estatus retirado Estado de pérdida Fuente del sistema de clasificación o colocación Estado de daño No para préstamo Biblioteca de origen Biblioteca actual Ubicación en estantería Fecha de adquisición Fuente de adquisición Total de préstamos Signatura topográfica completa Código de barras Visto por última vez Precio de reemplazo Tipo de ítem Koha
    Clasificación decimal universal     Biblioteca del Ateneo de Madrid Biblioteca del Ateneo de Madrid Depósito J 01/07/2023 Donación   N-8563 101205670 27/07/2023 27/07/2023 Libro impreso